| 000 | 00743cam a22002531 4500 | ||
|---|---|---|---|
| 001 | gs 48000309 | ||
| 003 | DLC | ||
| 005 | 20260227111354.0 | ||
| 008 | 831117s1948 xx 000 0 ger | ||
| 010 | _ags 48000309 | ||
| 035 | _a(OCoLC)14025932 | ||
| 040 |
_aDLC _cPSt _dDLC |
||
| 042 | _apremarc | ||
| 050 | 0 | 0 |
_aQE651 _b.S5 |
| 100 | 1 | _aSimon, Wilhelm | |
| 245 | 1 | 0 |
_aZeitmarken der Erde _bGrund und Grenze geologischer Forschung |
| 260 |
_aBraunschweig _bF.R. Vieweg _c1948 |
||
| 300 |
_a232 p. _billus., fold. plate _c21 cm. |
||
| 490 | 1 |
_aDie Wissenschaft _vBd. 98 |
|
| 504 | _aBibliographical footnotes | ||
| 650 | 0 | _aGeology, Stratigraphic | |
| 650 | 0 | _aPaleontology | |
| 830 | 0 |
_aWissenschaft (Braunschweig, Germany) ; _vBd. 98. |
|
| 999 |
_c28302 _d28302 |
||